|
|
|
|
| LEADER |
01440nam a2200265 u 4500 |
| 001 |
10118379 |
| 003 |
GR-PaULI |
| 005 |
20210117205643.0 |
| 008 |
151123s1982 us eng |
| 952 |
|
|
|0 0
|1 0
|2 ddc
|4 0
|6 Π_Σ_516_373000000000000_AUB
|7 0
|8 NFIC
|9 186661
|a LISP
|b LISP
|c REF
|d 2016-04-24
|i 07481
|l 0
|o Π/Σ 516.373 AUB
|p 025000064095
|r 2016-04-24 00:00:00
|t 1
|v 2016.00
|w 2016-04-24
|y BK15
|
| 952 |
|
|
|0 0
|1 0
|2 ddc
|4 0
|6 Π_Σ_516_373000000000000_AUB
|7 0
|8 NFIC
|9 186662
|a LISP
|b LISP
|c REF
|d 2016-04-24
|i 07497
|l 0
|o Π/Σ 516.373 AUB
|p 025000042890
|r 2016-04-24 00:00:00
|t 2
|v 2016.00
|w 2016-04-24
|y BK15
|
| 999 |
|
|
|c 115081
|d 115081
|
| 020 |
|
|
|a 0387907041
|
| 040 |
|
|
|a GR-PaULI
|c GR-PaULI
|b gre
|e AACR2
|
| 082 |
0 |
4 |
|a 516.373
|2 23
|
| 100 |
1 |
|
|a Aubin, Thierry
|d 1942-2009
|4
|9 5197
|e συγγραφέας.
|
| 245 |
1 |
0 |
|a Nonlinear analysis on manifolds :
|b Monge-Ampere equations /
|c Aubin Thierry.
|
| 260 |
|
|
|a New York :
|b Springer-Verlag,
|c 1982.
|
| 300 |
|
|
|a xii, 204 σ. ;
|c 24 εκ.
|
| 490 |
1 |
|
|a Grundlehren der mathematischen Wissenschaften
|v 252.
|
| 504 |
|
|
|a Περιλαμβάνει βιβλιογραφία και ευρετήριο.
|
| 650 |
|
4 |
|a Γεωμετρία του Riemann
|x Μελέτη και διδασκαλία (Ανώτατη)
|9 5198
|
| 830 |
|
|
|9 172470
|a Die Grundlehren der mathematischen Wissenschaften in Einzeldarstellungen mit besonderer Berücksichtigung der Anwendungsgebiete
|v 252.
|
| 942 |
|
|
|2 ddc
|c BKN
|
| 998 |
|
|
|c ΜΠΟΥΡΑΣ
|d 2018-12
|